Ordenanzas de la Comunidad de Regantes de Aldea - Camarles [seguit de] Reglamento para el Sindicato de Riegos de la Comunidad de Regantes de Aldea - Amarles
Descripción Física:
73 p. ; 15 cm
Materias:
Regatge -- Reglaments -- Aldea-Camarles
MARC
| LEADER | 00000nam a2200000Ia 4500 | ||
|---|---|---|---|
| 001 | 17534 | ||
| 008 | 160829s1929 xx 000 0 cat d | ||
| 080 | |a RF-2-4 | ||
| 100 | |a Comunidad de Regantes de Aldea - Camarles |9 46678 | ||
| 245 | |a Ordenanzas de la Comunidad de Regantes de Aldea - Camarles [seguit de] Reglamento para el Sindicato de Riegos de la Comunidad de Regantes de Aldea - Amarles | ||
| 260 | |a Tortosa : |b Imprenta Querol, |c 1929 | ||
| 300 | |a 73 p. ; |c 15 cm | ||
| 590 | |a Prové de R-875 | ||
| 650 | |a Regatge |x Reglaments |x Aldea-Camarles |9 46679 | ||
| 856 | 4 | |u https://media.diba.cat/diba/fitxers/arxiu/fulletons/bib_17534_1929_baixa.pdf |y Accés lliure | |
| 856 | 4 | |u https://media.diba.cat/diba/fitxers/arxiu/fulletons/bib_17534_1929_baixa.pdf |y Accés lliure | |
| 901 | |a Arxiu | ||
| 942 | |n 1 |2 udc | ||
| 952 | |0 0 |1 0 |4 0 |6 RF24 |7 1 |9 53375 |a Arxiu |b Arxiu |d 2016-12-01 |l 0 |o RF-2-4 |p 17534 |r 2016-12-01 00:00:00 |w 2016-12-01 |y ARXIU | ||
| 999 | |c 57240 |d 57240 | ||
| 900 | |a bib_17534_1929_baixa.pdf | ||